El golpe de Menhir: el álbum de la película

Guardat en:
Dades bibliogràfiques
Autors principals: Goscinny, René (Autor), Uderzo, Albert (Autor)
Format: Llibre
Idioma:espanyol
Publicat: Barcelona Salvat 2001
Edició:1a. ed
Col·lecció:Una Aventura de Astérix
Matèries:
Etiquetes: Afegir etiqueta
Sense etiquetes, Sigues el primer a etiquetar aquest registre!

MARC

LEADER 00000nam a2200000 a 4500
001 UCH2571
003 CL-VaPUC
008 090618e20010000SP |||||||||||||||||spa|d
020 |a 8434568314 
082 0 4 |a 740  |b GOS  |2 21 
100 |a Goscinny, René  |e author  |9 553499 
700 0 |a Uderzo, Albert  |e author  |9 537463 
245 1 3 |a El golpe de Menhir: el álbum de la película 
250 |a 1a. ed 
300 |a 47 p 
942 |c BK 
945 |d 20090618 00:00:00  |a cmena 
260 |a Barcelona  |b Salvat  |c 2001 
500 |a El presente álbum está basado en la película Astérix y el golpe de Menhir, producida por Yannik Piel para Gaumont, Gaumont Production y Extrafilm Produktion 
500 |a El guión ha sido adaptado por Yannik Voight de los álbumes Le Devin y Le Combat des Chefs 
500 |a La película ha sido realizada por Philippe Grimond, con Keith Ingham como director de animación 
500 |a Visita la página oficial: http://es.asterix.com 
600 0 7 |a ASTERIX  |2 CL-VaPUC  |9 537443 
600 0 |a GOSCINNY, RENE  |9 537464 
600 0 7 |a UDERZO, ALBERT  |2 CL-VaPUC  |9 537465 
650 7 |a PELICULAS CINEMATOGRAFICAS  |2 CL-VaPUC  |9 537466 
650 0 |a Cómics  |9 369534 
650 0 |a Animación  |9 399363 
650 0 |a Historia antigua  |9 267521 
583 |a last modification  |c 20090618 00:00:00  |k Rodrigo Vera 
490 0 |a Una Aventura de Astérix 
999 |c 334297  |d 334295 
952 |0 0  |1 0  |4 0  |6 740_000000000000000_GOS_2001  |7 0  |8 C  |9 423263  |a BIBCUR  |b BIBCUR  |d 2019-11-22  |i 4554302  |o 740 GOS 2001  |p 4554302  |r 2025-04-22  |w 2019-11-22  |y BK  |k CAC